| 000 | 00676nam a2200217 4500 | ||
|---|---|---|---|
| 008 | b xx# fre u | ||
| 010 | _a52744/5 | ||
| 020 | _a288074637X | ||
| 020 | _a9782880746377 | ||
| 040 | _aLB-BrCRDP | ||
| 082 | _a363.7/L852p | ||
| 100 | 1 | _aLonget, René | |
| 130 | 1 | _lFR | |
| 245 | 1 | 0 |
_aLa planète sauvetage en cours _ble développement durable: des accords mondiaux à l'action locale _cRené Longet |
| 260 |
_aLausanne _bPresses polytechniques et universitaires romandes _c2005 |
||
| 300 |
_a137p. ; _c18cm |
||
| 490 | 0 | _aLe savoir suisse; 25 | |
| 650 |
_aEnvironnement _xprotection |
||
| 942 | _cBK | ||
| 999 |
_c13769 _d13769 |
||